|
|
|
|
| LEADER |
01125nam a2200337 4500 |
| 001 |
DLU190191380 |
| 005 |
##20190612 |
| 040 |
# |
# |
|a DLU
|b vie
|
| 041 |
# |
# |
|a vie
|
| 044 |
# |
# |
|a vn
|
| 100 |
# |
# |
|a Nguyễn Thị Mai Phương.
|
| 245 |
# |
# |
|a Ảnh hưởng của một số axit yếu và chất kháng khuẩn tự nhiên lên quá trình lên men malolactic của Streptococcus mutans ở dạng huyền dịch và biofilm /
|c Nguyễn Thị Mai Phương, ...[và những người khác].
|
| 653 |
# |
# |
|a Asiatic acid
|
| 653 |
# |
# |
|a α-mangostin
|
| 653 |
# |
# |
|a Malolactic fermentation
|
| 653 |
# |
# |
|a MLF
|
| 653 |
# |
# |
|a Streptococcus mutans
|
| 653 |
# |
# |
|a Week acids
|
| 700 |
# |
# |
|a Hoàng Phương Hà.
|
| 700 |
# |
# |
|a Phạm Thị Trà.
|
| 700 |
# |
# |
|a Trần Thị Nhung.
|
| 773 |
# |
# |
|t Tạp chí Sinh học
|g Số 3, 2013, tr. 376-382
|
| 920 |
# |
# |
|a Phòng Tạp chí -- Trung tâm Thông tin - Thư viện Trường Đại học Đà Lạt
|
| 994 |
# |
# |
|a DLU
|
| 900 |
# |
# |
|a True
|
| 911 |
# |
# |
|a Hoàng Thị Huyền
|
| 925 |
# |
# |
|a G
|
| 926 |
# |
# |
|a A
|
| 927 |
# |
# |
|a BB
|
| 980 |
# |
# |
|a Thư viện Trường Đại học Đà Lạt
|